MARC

LEADER 00000nam0a2200000 4500
001 50319
005 20231101211234.0
010 |a 1898326444 
035 |a (RuTPU)RU\TPU\book\52698 
090 |a 50319 
100 |a 20030414d2003 k y0engy50 ba 
101 0 |a eng 
102 |a RU 
105 |a a z 001zy 
200 1 |a Low Temperature Plasma  |f E. T. Protasevich  |g Tomsk Polytechnic University 
210 |a Tomsk  |c Tomsk Polytechnical University Publishing  |d 2003 
215 |a 100 p.  |c il. 
320 |a Библиогр. в конце глав 
610 1 |a физика 
610 1 |a низкотемпературная плазма 
610 1 |a воздушная среда 
610 1 |a ионизация 
610 1 |a излучения 
610 1 |a английский язык 
675 |a 533.9  |v 3 
700 1 |a Protasevich  |b E. T. 
712 0 2 |a Tomsk Polytechnic University  |2 stltpush  |3 (RuTPU)RU\TPU\col\452  |9 23443 
801 1 |a RU  |b 63413507  |c 20030414  |g PSBO 
801 2 |a RU  |b 63413507  |c 20050915  |g PSBO 
942 |c BK